• 首页
  • 本馆介绍
  • 公告通知
  • 最新文献
  • 馆藏检索
  • 电子资源
  • 读者导购
  • 参考咨询
  • 我的图书馆
  • 登录
  • 详细信息显示
  • 放入我的书架
  • 预约/预借图书
  • 作者相关作品
  • 分类相关作品
  • 丛书相关作品
  • 出版社相关作品

书目信息

  • 表格格式
  • 工作单格式
  • 卡片格式
题名:
村上春树新论
    
 
作者: 杨书评 著
分册:  
出版信息: 呼和浩特   内蒙古人民出版社  2020
页数: 322页
开本: 24cm
丛书名:
单 册:
中图分类: I313.065
科图分类:
主题词:
电子资源:
ISBN: 978-7-204-16682-4
000 00754nam0 2200217 450
001 2350192255
005 20231205135640.71
010    @a978-7-204-16682-4@dCNY58.00
100    @a20210420d2020 em y0chiy50 ea
101 0  @achi
102    @aCN@b150000
105    @ay z 000yy
200 1  @a村上春树新论@Acun shang chun shu xin lun@f杨书评著
210    @a呼和浩特@c内蒙古人民出版社@d2020
215    @a322页@d24cm
330    @a本书分为七章,内容包括:作家与创作、“青春三部曲”:自由民主主义的面目;“80年代三大小说”:找不到出口的“现实性”;《奇鸟行状录》:“新民族主义”转向等。
600  0 @a村上春树@f(1949- )@x文学研究
690    @aI313.065@v5
701  0 @a杨书评@Ayang shu ping@4著
801  0 @aCN@b91MARC@c20210528
905    @aZUCC@dI313.065@e3
    
    村上春树新论/杨书评著.-呼和浩特:内蒙古人民出版社,2020
    322页;24cm
    
    
    ISBN 978-7-204-16682-4:CNY58.00
    本书分为七章,内容包括:作家与创作、“青春三部曲”:自由民主主义的面目;“80年代三大小说”:找不到出口的“现实性”;《奇鸟行状录》:“新民族主义”转向等。
●
相关链接 在五车中查询图书 在当当中查询图书 在豆瓣中查询图书


正题名:村上春树新论     索取号:I313.065/3         预约/预借

序号 登录号 条形码 馆藏地/架位号 状态 备注
1 2001266623   2001266623   辽宁北方(第一批)/辽宁北方(第一批)/305/ [索取号:I313.065/3] 在馆    
2 2001266624   2001266624   辽宁北方(第一批)/辽宁北方(第一批)/305/ [索取号:I313.065/3] 在馆    
3 2001266625   2001266625   辽宁北方(第一批)/辽宁北方(第一批)/305/ [索取号:I313.065/3] 在馆    
4 2001266626   2001266626   辽宁北方(第一批)/辽宁北方(第一批)/305/ [索取号:I313.065/3] 在馆    
5 2001266627   2001266627   辽宁北方(第一批)/辽宁北方(第一批)/305/ [索取号:I313.065/3] 在馆    
6 2001266628   2001266628   辽宁北方(第一批)/辽宁北方(第一批)/305/ [索取号:I313.065/3] 在馆    
山东省滨州职业学院图书馆 欢迎您!
大连网信软件有限公司© 版权所有